Online
Catalog

Manuel Lizcano Pellón / (Record no. 42756)

MARC details
000 -CABECERA
campo de control de longitud fija 01116nam a2200241 a 4500
001 - NÚMERO DE CONTROL
campo de control 000043267
005 - FECHA Y HORA DE LA ÚLTIMA TRANSACCIÓN
campo de control 20250909091242.0
008 - DATOS DE LONGITUD FIJA--INFORMACIÓN GENERAL
campo de control de longitud fija 140303s2010 sp 000 0 spa d
040 ## - FUENTE DE LA CATALOGACIÓN
Centro catalogador/agencia de origen DO-SdBNP
Lengua de catalogación spia
Centro/agencia transcriptor BNPHU
100 1# - ENTRADA PRINCIPAL--NOMBRE DE PERSONA
Nombre de persona Lizcano Pellón, Manuel
9 (RLIN) 70882
245 10 - MENCIÓN DE TÍTULO
Título Manuel Lizcano Pellón /
Mención de responsabilidad, etc. Manuel Lizcano Pellón ; edición, elección e introducción Emmánuel Lizcano Fernández.
260 ## - PUBLICACIÓN, DISTRIBUCIÓN, ETC.
Lugar de publicación, distribución, etc. Madrid :
Nombre del editor, distribuidor, etc. Agencia Española de Cooperación Internacional,
Fecha de publicación, distribución, etc. 2010.
300 ## - DESCRIPCIÓN FÍSICA
Extensión 261 p. ;
Dimensiones 24 cm.
490 1# - MENCIÓN DE SERIE
Mención de serie Antología del pensamiento político, social y económico de América latina ;
Designación de volumen o secuencia 14
490 1# - MENCIÓN DE SERIE
Mención de serie Ciencias y humanismo
504 ## - NOTA DE BIBLIOGRAFÍA, ETC.
Nota de bibliografía, etc. Incluye referencias bibliográficas y notas al pie de las páginas
504 ## - NOTA DE BIBLIOGRAFÍA, ETC.
Nota de bibliografía, etc. Bibliografía : p.253 -261
500 ## - NOTA GENERAL
Nota general Incluye datos biográficos de los editor en al solapa de la cubierta
700 1# - PUNTO DE ACCESO ADICIONAL--NOMBRE DE PERSONA
Nombre de persona Lizcano Fernández, Emmánuel
Término indicativo de función/relación ed.
9 (RLIN) 70883
710 2# - PUNTO DE ACCESO ADICIONAL--NOMBRE DE ENTIDAD CORPORATIVA
Nombre de entidad corporativa o nombre de jurisdicción como elemento de entrada Agencia Española de Cooperación Internacional
9 (RLIN) 34585
830 #0 - PUNTO DE ACCESO ADICIONAL DE SERIE-TÍTULO UNIFORME
Título uniforme Antología del pensamiento político, social y económico de América Latina
Designación de volumen o secuencia 14
9 (RLIN) 70880
830 #0 - PUNTO DE ACCESO ADICIONAL DE SERIE-TÍTULO UNIFORME
Título uniforme Ciencias y humanismo
9 (RLIN) 70218
Holdings
Estado de retiro Estado de pérdida Restricciones de uso No para préstamo Código de colección Localización permanente Ubicación/localización actual Ubicación en estantería Fecha de adquisición Número de inventario Total de préstamos Signatura topográfica completa Código de barras Fecha visto por última vez Precio válido a partir de Tipo de ítem Koha
      Excluido de préstamo Monografías: Libros y Folletos General General En catalogación 03.03.2014 LF1   43267-10 25.06.2020 25.06.2020 No se presta

Powered by Koha